|
|
|
|
| LEADER |
00992cam a2200265 7i4500 |
| 001 |
0000058694 |
| 005 |
20221208090000.0 |
| 020 |
|
|
|a 9789811336812 (electronic book)
|
| 090 |
0 |
0 |
|a QP86
|b .B56 2019
|
| 245 |
0 |
0 |
|a Biochemistry and cell biology of ageing :
|b part II, clinical science
|c J. Robin Harris, Viktor I. Korolchuk, editors.
|
| 264 |
|
|
|a Singapore:
|b Springer,
|c 2019.
|
| 300 |
|
|
|a 1 online resource(499 pages):
|b colour illustrations, text file, PDF.
|
| 336 |
|
|
|a text
|2 rdacontent
|
| 337 |
|
|
|a computer
|2 rdamedia
|
| 338 |
|
|
|a online resource
|2 rdacarrier
|
| 490 |
0 |
|
|a Subcellular biochemistry;
|v v. 91
|
| 650 |
|
0 |
|a Cells --
|x Aging
|
| 650 |
|
0 |
|a Aging --
|x Physiological aspects
|
| 655 |
|
0 |
|a Electronic books
|
| 700 |
1 |
|
|a Korolchuk, Viktor I.
|
| 700 |
1 |
|
|a Harris, J. Robin
|
| 856 |
4 |
2 |
|u http://library.unisel.edu.my/web/guest/mylibrary
|
| 997 |
|
|
|a Health Sciences, Faculty
|
| 998 |
|
|
|a Biomedical Science, Degree
|
| 999 |
|
|
|a EBO0005020
|b EBOOK
|c EBOOK
|e Electronic resources
|